Suma teológica. (Record no. 170837)

MARC details
000 -LEADER
campo de control de longitud fija 01370nam a2200301 i 4500
001 - NÚMERO DE CONTROL
campo de control 170837
003 - IDENTIFICADOR DE NÚMERO DE CONTROL
campo de control ES-MaACL
005 - FECHA Y HORA DE LA ÚLTIMA TRANSACCIÓN
campo de control 20250808215342.0
008 - DATOS DE LONGITUD FIJA--INFORMACIÓN GENERAL
campo de control de longitud fija 090408s1956 sp |||| | spa d
100 0# - ENTRADA PRINCIPAL--NOMBRE DE PERSONA
Nombre de persona Tomás de Aquino,
Títulos y otros términos asociados al nombre Santo
9 (RLIN) 110514
240 10 - TÍTULO UNIFORME
Título uniforme Summa theologica.
Lenguaje de la obra Español-Latín
245 10 - MENCIÓN DEL TÍTULO
Título Suma teológica.
Número de parte o sección de la obra T. XV /
Mención de responsabilidad, etc. de Santo Tomás de Aquino ; texto latino de la edición crítica Leonina ; traducción y anotaciones por una comisión de PP. Dominicos presidida por Francisco Barbado Viejo ; introducción general por Santiago Ramírez.
260 ## - PUBLICACIÓN, DISTRIBUCIÓN, ETC.
Lugar de publicación, distribución, etc. Madrid :
Nombre del editor, distribuidor, etc. La Editorial Católica,
Fecha de publicación, distribución, etc. 1956.
300 ## - DESCRIPCIÓN FÍSICA
Extensión XV, 645 p. ;
Dimensiones 20 cm.
490 1# - MENCIÓN DE SERIE
Mención de serie Biblioteca de autores cristianos ;
Designación de volumen o secuencia 145
505 8# - NOTA DE CONTENIDO CON FORMATO
Nota de contenido con formato Contiene : Tratado del orden / versión e introducciones de Armando Bandera. Tratado del matrimonio / versión e introducciones de Sabino Alonso Morán
546 ## - NOTA DE IDIOMA
Nota de lengua/lenguaje Texto en latín y castellano.
700 1# - ENTRADA AGREGADA--NOMBRE PERSONAL
Nombre de persona Barbado Viejo, Francisco,
Títulos y otros términos asociados al nombre Obispo de Salamanca.
9 (RLIN) 139678
700 0# - ENTRADA AGREGADA--NOMBRE PERSONAL
Nombre de persona Ramírez, Santiago.
9 (RLIN) 95112
700 1# - ENTRADA AGREGADA--NOMBRE PERSONAL
Nombre de persona Bandera, Armando.
9 (RLIN) 25177
700 1# - ENTRADA AGREGADA--NOMBRE PERSONAL
Nombre de persona Alonso Morán, Sabino,
Fechas asociadas al nombre 1890-
9 (RLIN) 20365
740 0# - ENTRADA AGREGADA--TÍTULO RELACIONADO/ANALÍTICO NO CONTROLADO
Título relacionado o analítico no controlado Tratado del orden.
740 0# - ENTRADA AGREGADA--TÍTULO RELACIONADO/ANALÍTICO NO CONTROLADO
Título relacionado o analítico no controlado Tratado del matrimonio.
830 00 - PUNTO DE ACCESO ADICIONAL DE SERIE-TÍTULO UNIFORME
Título uniforme Biblioteca de autores cristianos
Designación de volumen o secuencia 145
9 (RLIN) 178679
852 ## - LOCALIZACIÓN
Ubicación ES-MaACL
Número de control de estantería J-143
itemnumber R.46092
Holdings
Estatus retirado Estado de pérdida Estado de daño No para préstamo Biblioteca de origen Biblioteca actual Ubicación en estantería Fecha de adquisición Fuente de adquisición Total de préstamos Signatura topográfica completa Código de barras Visto por última vez Precio de reemplazo Tipo de ítem Koha
        Biblioteca del Ateneo de Madrid Biblioteca del Ateneo de Madrid Depósito 2 08/04/2009     J-143 1179292 23/02/2023 23/02/2023 Libro impreso